Catálogo
 En Linea

La búsqueda del mérito en burocracias clientelistas centroamericanas: (Registro nro. 51376)

Detalles MARC
000 -CABECERA
campo de control de longitud fija 01928nam a2200325 a 4500
003 - IDENTIFICADOR DEL NÚMERO DE CONTROL
campo de control DO-SdBNP
005 - FECHA Y HORA DE LA ÚLTIMA TRANSACCIÓN
campo de control 20220804131759.0
007 - CAMPO FIJO DE DESCRIPCIÓN FÍSICA--INFORMACIÓN GENERAL
campo de control de longitud fija ta
008 - DATOS DE LONGITUD FIJA--INFORMACIÓN GENERAL
campo de control de longitud fija 220208e2015 dr a|||er|||| 001 edspa d
040 ## - FUENTE DE LA CATALOGACIÓN
Centro catalogador/agencia de origen DO-SdBNP
Lengua de catalogación spa
Centro/agencia transcriptor BNPHU
082 #4 - NÚMERO DE LA CLASIFICACIÓN DECIMAL DEWEY
Número de edición 22
Número de documento/Ítem G182b
100 1# - ENTRADA PRINCIPAL--NOMBRE DE PERSONA
Nombre de persona Galván Abreu, Wiliam Andiel
9 (RLIN) 82162
245 13 - MENCIÓN DE TÍTULO
Título La búsqueda del mérito en burocracias clientelistas centroamericanas:
Resto del título las reformas del servicio civil de nicaragua y República Dominicana en perpectiva comparada. /
Mención de responsabilidad, etc. Wiliam Andiel Galván Abreu
246 13 - FORMA VARIANTE DE TÍTULO
Título propio/Titulo breve Las reformas del servicio civil de Nicaragua y República Dominicana en perspectiva comparada
260 ## - PUBLICACIÓN, DISTRIBUCIÓN, ETC.
Lugar de publicación, distribución, etc. Santo Domingo :
Nombre del editor, distribuidor, etc. Inap,
Fecha de publicación, distribución, etc. 2015
300 ## - DESCRIPCIÓN FÍSICA
Extensión 97 p. :
Otras características físicas il. ;
Dimensiones 23 cm.
500 ## - NOTA GENERAL
Nota general Incluye datos biográficos del autor en la solapa de la cubierta.
500 ## - NOTA GENERAL
Nota general Incluye bibliografía y notas al pié de páginas.
500 ## - NOTA GENERAL
Nota general Incluye acrónimos.
505 ## - NOTA DE CONTENIDO CON FORMATO
Nota de contenido con formato Presentación.
505 0# - NOTA DE CONTENIDO CON FORMATO
Nota de contenido con formato Acrónimos.
Título I. Introducción.--
-- II. Perspectivas teóricas sobre la complementación de la política y la administración pública.--
-- III. La reforma del sistema de méritos en la República Dominicana.--
-- IV. La reforma del sistema de méritos en Nicaragua.--
-- V. Análisis comparativo.--
-- VI. Conclusiones.--
-- VII. Recomendaciones de política.--
-- Referencias bibliográficas.--
-- Apéndice A. Apéndice B.
586 ## - NOTA DE PREMIOS
Nota de premios Ensayo ganador del Tercer Lugar Premio Nacional de Administración Pública.
590 ## - NOTA LOCAL (RLIN)
Nota local Inventariado, 2019 / DG
650 #4 - PUNTO DE ACCESO ADICIONAL DE MATERIA--TÉRMINO DE MATERIA
9 (RLIN) 35905
Término de materia o nombre geográfico como elemento de entrada Adminsitración Pública
Subdivisión de forma Ensayos, Conferencias, etc.
Subdivisión geográfica República Dominicana
650 #4 - PUNTO DE ACCESO ADICIONAL DE MATERIA--TÉRMINO DE MATERIA
Término de materia o nombre geográfico como elemento de entrada Adminsitración Pública
Subdivisión de forma Ensayos, Conferencias, etc.
Subdivisión geográfica Nicaragua
9 (RLIN) 82160
651 #4 - PUNTO DE ACCESO ADICIONAL DE MATERIA--NOMBRE GEOGRÁFICO
9 (RLIN) 79289
Nombre geográfico República Dominicana
Subdivisión de forma Ensayos, conferencias, etc
Subdivisión general Instituto Nacional de Administración Pública
710 #4 - PUNTO DE ACCESO ADICIONAL--NOMBRE DE ENTIDAD CORPORATIVA
Nombre de entidad corporativa o nombre de jurisdicción como elemento de entrada Instituto Nacional de Administración Pública (República Dominicana)
9 (RLIN) 82155
910 ## - DATOS DE OPCIÓN DEL USUARIO (OCLC)
Datos de opción del usuario MFeliz
942 ## - ELEMENTOS DE PUNTO DE ACCESO ADICIONAL (KOHA)
Fuente del sistema de clasificación o colocación Dewey Decimal Classification
Tipo de ítem Koha Libro
Existencias
Estado de retiro Estado de pérdida Fuente del sistema de clasificación o colocación Restricciones de uso No para préstamo Código de colección Localización permanente Ubicación/localización actual Ubicación en estantería Fecha de adquisición Fuente de adquisición Signatura topográfica completa Código de barras Fecha visto por última vez Número de copia Precio válido a partir de Tipo de ítem Koha
    Dewey Decimal Classification Excluido de préstamo   Patrimonio Dominicano Biblioteca Nacional Pedro Henríquez Ureña Biblioteca Nacional Pedro Henríquez Ureña Depósito 27.05.2021 Donado por Pedro José Ortega Espinal G182b 2022-0685 08.02.2022 e.2 08.02.2022 Libro
    Dewey Decimal Classification Excluido de préstamo   Patrimonio Dominicano Biblioteca Nacional Pedro Henríquez Ureña Biblioteca Nacional Pedro Henríquez Ureña Depósito 27.05.2021 Donado por Pedro José Ortega Espinal G182b 2022-0686 08.02.2022 e.3 08.02.2022 Libro
    Dewey Decimal Classification Préstamo en sala   Dominicana de Servicio Biblioteca Nacional Pedro Henríquez Ureña Biblioteca Nacional Pedro Henríquez Ureña En catalogación 07.04.2017 Depósito legal / INAP G182b 2022-3645 04.08.2022 e.4 04.08.2022 Libro
    Dewey Decimal Classification Excluido de préstamo   Patrimonio Dominicano Biblioteca Nacional Pedro Henríquez Ureña Biblioteca Nacional Pedro Henríquez Ureña En catalogación 07.04.2017 Depósito legal / Despacho G182b 48721-10 04.08.2022   04.08.2022 Libro

Con tecnología Koha